Elogios / Joan Maragall
Descripción Física:
186 p. ; 20 cm
Materias:
Maragall, Joan -- Reculls d'escrits
MARC
| LEADER | 00000nam a2200000Ia 4500 | ||
|---|---|---|---|
| 001 | 16132 | ||
| 008 | 160829s1913 xx 000 0 cat d | ||
| 080 | |a L-2-51 | ||
| 100 | |a Maragall, Joan, |d 1860-1911 |9 25778 | ||
| 245 | |a Elogios / Joan Maragall | ||
| 260 | |a Barcelona : |b Gustavo Gili, |c 1913 | ||
| 300 | |a 186 p. ; |c 20 cm | ||
| 490 | |a Obras completas de Juan Maragall. Serie castellana | ||
| 590 | |a Conté: Preliminar; Del amor; De la palabra; De la poesía; Del pueblo; Del teatro; De la danza; Del vivir; De la gracia; De una tarde de agosto | ||
| 650 | |a Maragall, Joan |x Reculls d'escrits |9 37250 | ||
| 901 | |a Arxiu | ||
| 942 | |n 1 | ||
| 952 | |0 0 |1 0 |4 0 |6 L251 |7 1 |9 47768 |a Arxiu |b Arxiu |d 2016-12-01 |l 0 |o L-2-51 |p 16132 |r 2016-12-01 00:00:00 |w 2016-12-01 |y ARXIU | ||
| 999 | |c 51567 |d 51567 | ||